00346nam a2200145Ia 4500008004100000082001700041100001400058245002400072250000800096260002800104300001300132500002400145650001600169700001500185230524s9999 xx 000 0 und d a621.382bTHA aB.R.Gupta 0aDigital Electronics a1ST aNEW DELHIbKatsonc2007 aXIV;1568 aQuantity Number: 2 aElectronics a V.Singhal